000 00980cam a2200205 i 4500
005 20251215093320.0
008 250721s1998 sy gr 000 0 ara d
082 1 4 _a216.532
_bس و ي
100 1 _aسويد، محمد نور بن عبد الحفيظ
_eمؤلف.
245 1 0 _aمنهج التربية النبوية للطفل :
_bمع نماذج تطبيقية من حياة السلف الصالح و أقوال العلماء العاملين /
_cتأليف محمد نور عبد الحفيظ سويد ؛ قدم له السادة الفضلاء الداعية ابو الحسن الندوي واخروون.
250 _aالطبعه الاولى.
264 3 1 _aدمشق :
_bدار إبن كثير،
_c1998.
264 3 1 _aبيروت :
_bدار إبن كثير،
_c1998
300 _aالجزء 1،
650 1 7 _aالإسلام.
650 1 7 _aالفقه الإسلامي.
650 1 7 _aرعاية الطفولة.
942 _2ddc
_cBK
999 _c41781
_d41781